| 000 | 00988cas a2200253 a 4500 | ||
|---|---|---|---|
| 005 | 20171122151128.0 | ||
| 008 | 041220c20059999ck zr p r 0 0a0spa d | ||
| 022 | _a1900-1673 | ||
| 040 |
_ahm _chm _dCO-BoIAVH |
||
| 041 | 0 | _aspa | |
| 044 | _ack | ||
| 090 | _aSE | ||
| 245 | 0 | 0 |
_aEtnias y política / _crevista del Observatorio de los Indígenas de Colombia. |
| 246 | 4 | 0 | _aEtnias & política |
| 260 |
_aBogotá (Colombia) : _bGrupo internacional de trabajo sobre asuntos indígenas - IWGIA, _c2005-. |
||
| 300 |
_bilustraciones ; _c28 cm. |
||
| 310 | _af | ||
| 650 | 2 | 6 |
_aEtnología _zColombia _vPublicaciones periódicas |
| 650 | 2 | 6 |
_aIndígenas de Colombia _xCondiciones sociales _vPublicaciones periódicas |
| 650 | 2 | 6 |
_aPueblos indígenas _zColombia _vPublicaciones periódicas |
| 651 | 6 |
_aColombia _xPolíticas _vPublicaciones periódicas |
|
| 710 | 2 | _aGrupo internacional de trabajo sobre asuntos indígenas - IWGIA | |
| 942 |
_2z _cREVISTA |
||
| 999 |
_c17406 _d17406 |
||